Textos de historia del derecho espaǫl contemporǹeo

Bibliographic Details
Main Author: Gm̤ez Rivero, Ricardo
Other Authors: Přez Collados, Jos ̌Mara̕
Format: Unknown
Language:Spanish
Published: Zaragoza : Egido, D.L. 1999
Subjects:
Online Access:Acceso restringido

MARC

LEADER 00000ny a22000003n 4500
005 20110622124336.0
008 000308s1999 sp s 000 0 spa c
017 |a Z3211-1999 
020 |a 8479911689 
035 |a 767 
040 |a UMA.DER  |d vLex 
040 |a UMA.RE  |d vLex 
090 |c 1001  |d 1001 
100 1 |a Gm̤ez Rivero, Ricardo 
245 1 0 |a Textos de historia del derecho espaǫl contemporǹeo  |h [Recurso electrn̤ico]  |c Ricardo Gm̤ez Rivero, Jos ̌Mara̕ Přez Collados 
256 |a Servicio en ln̕ea 
260 |a Zaragoza :  |b Egido,  |c D.L. 1999 
300 |a 772 p. ;  |c 24 cm 
506 1 |a Contenido solo disponible en los productos indicados  |d vLex Global  |d vLex Global (Academic Edition, excluding Law Schools)  |d vLex Global (U.S. Academic Edition, Law Schools)  |d vLex Global (U.S. Academic Edition, excluding Law Schools)  |d vLex Global (Academic Edition, Law Schools) 
650 0 7 |a Historia del derecho  |2 Tesauro vLex 
700 1 |a Přez Collados, Jos ̌Mara̕ 
740 0 |a vLex Libros (Servicios en ln̕ea) 
856 4 0 |u http://vlex.com/source/767  |z Acceso restringido 
942 |c BOOK